Adam Mickiewicz - texty a kontexty. - Olomouc : Univ. Palackého. - 1999 [Rezension]
| Titel: | Adam Mickiewicz - texty a kontexty. - Olomouc : Univ. Palackého. - 1999 [Rezension] |
|---|---|
| Verfasser: | |
| In: |
Slavia, Band 70, Heft 1 (2001), Seite 141-143 alle Artikel anzeigen |
| Veröffentlicht: | 2001 |
| Format: | Aufsatz |
| Sprache: | Tschechisch |
X
alg: 39510337 001A $01999:12-11-16 001B $01999:04-08-21 $t21:04:52.000 001D $01999:12-11-16 001U $0utf8 001X $00 002@ $0Aox 003@ $0395103371 007A $0395103371 $aHEB 007T $0Herda25056h 010@ $acze 011@ $a2001 021A $aAdam Mickiewicz - texty a kontexty. - Olomouc : Univ. Palackého. - 1999 [Rezension] 028A $aDobrotová $dIvana 031A $d70 $e1 $h141-143 $j2001 039B $aIn $8--Abvc--. Slavia. - Praha : Euroslavica, 1922-. - ISSN 0037-6736 $x200100000700001859 $9047278633 039T $8--Aau--. Adam Mickiewicz - texty a kontexty. - 1. vyd.. - Olomouc : Univ. Palackého, 1999. - 178 S.. - Ill.. - ISBN 80-244-0040-5 $9108438651 045F $a900.94371 $eDDC23BSB 045F/01 $a900 045F/03 $g4371 045F/03 $g438 045T $a7,39 045T $aAVL $qDE-30 $2FID lok: 39510337 78 exp: 39510337 78 1 #EPN 201B/01 $026-11-17 $t03:58:52.000 201U/01 $0utf8 203@/01 $0791402010 208@/01 $a12-11-16 $be 209A/01 $a/ $f000 $x00 220C/01 $aHerkunft: Hú Av Čr Praha 244Z/01 $2Trx $#Poola $#Lenkija $#Polija $#Polen Land $#Poland $#Lengyelország $#Poľsko $#Polsko $8--Trx--Polska$gkraj $x01 $9391345966 244Z/01 $#Tschechien $#Tschechische Republik $#Tschechische Republik $#Tschechenland $#Tschechei Tschechien $#Česká Republika $#Czech Republic $#ČR $74303381-7 $8--Tg1--Tschechien $x02 $9086659812 244Z/01 $2Trx $#Böhmen $#Bohemia $#Czechy $8--Trx--Čechy $x03 $9391188941 244Z/01 $2Trx $#arvustused $#recenzijos $#Reviews $#recenziók $#recenzje $#recenzie $#recenze $8--Trx--Rezensionen $x04 $9391357441 247C/01 $82080>Marburg/Lahn, Herder-Institut, Forschungsbibliothek, Bibliographieportal $9336309341
| LEADER | 00000caa a22000002c 4500 | ||
|---|---|---|---|
| 001 | 395103371 | ||
| 003 | DE-603 | ||
| 005 | 20210804210452.0 | ||
| 007 | tu | ||
| 008 | 161112s2001 xx |||| | u00||u|cze c | ||
| 035 | |a (DE-599)HEB395103371 | ||
| 040 | |a DE-603 |b ger |c DE-603 |d DE-603 | ||
| 041 | |a cze | ||
| 082 | 0 | 4 | |8 1\u |a 900.94371 |q DE-101 |2 23/BSB |
| 084 | |a 7,39 |2 ssgn | ||
| 084 | |a AVL |q DE-30 |2 fid | ||
| 085 | |8 1\u |b 900 | ||
| 085 | |8 1\u |z 2 |s 4371 | ||
| 085 | |8 1\u |z 2 |s 438 | ||
| 100 | 1 | |a Dobrotová, Ivana | |
| 245 | 0 | 0 | |a Adam Mickiewicz - texty a kontexty. - Olomouc : Univ. Palackého. - 1999 [Rezension] |
| 264 | 0 | |c 2001 | |
| 773 | 0 | 8 | |i In |t Slavia |d Praha : Euroslavica, 1922- |h 24 cm |x 0037-6736 |g Band 70, Heft 1 (2001), Seite 141-143 |w (DE-603)047278633 |w (DE-600)204528-X |
| 787 | 0 | 8 | |i Rezension von |t Adam Mickiewicz - texty a kontexty |b 1. vyd. |d Olomouc : Univ. Palackého, 1999 |h 178 S., Ill. |z 8024400405 |w (DE-603)108438651 |
| 924 | 0 | |9 2080 |a (DE-603)791402010 |b DE-2080 |c HES |d d |g / | |


